00325 2200133 4500001002100000005001500021035002000036245005000056300000800106260004500114082000800159084001200167990001200179INLIS00000000000238920250528115534 a0010-0525000681 aMereka Bilang Saya Monyet /cDjenar Maesa Ayu a136 aJakarta :bGramedia Pustaka Utama,c2002 a813 a813 MER a0713412